[Event "25th Roquetas de Mar Open"]
[Site "Roquetas de Mar ESP"]
[Date "2014.01.03"]
[Round "2.2"]
[White "Ibarra Jerez,JC"]
[Black "Escudero Manzano,A"]
[Result "1-0"]
[WhiteElo "2510"]
[BlackElo "2267"]

1.e4 c5 2.Nf3 Nc6 3.Nc3 Nf6 4.Bb5 g6 5.h3 Bg7 6.e5 Ng8 7.O-O Nh6 8.d4 cxd4
9.Nxd4 O-O 10.Nf3 d6 11.exd6 Qxd6 12.Qxd6 exd6 13.Nd5 Nf5 14.c3 Ne5 15.Ng5 h6
16.Ne4 Be6 17.Rd1 a6 18.Be2 Rad8 19.Bf4 Nc6 20.g4 Bxd5 21.Rxd5 Nfe7 22.Rxd6 f5
23.Rxd8 Nxd8 24.Nc5 fxg4 25.Bd6 Ndc6 26.hxg4 Be5 27.Bc4+ Kh7 28.Bxe7 Nxe7
29.Nd7  1-0

[Event "Bay Area International 2014"]
[Site "Santa Clara USA"]
[Date "2014.01.03"]
[Round "3.34"]
[White "Ashe,B"]
[Black "Goins,Demetrius"]
[Result "1-0"]
[WhiteElo "2193"]
[BlackElo "2141"]

1.e4 c5 2.Nc3 Nc6 3.Bb5 Nd4 4.Bc4 g6 5.Nf3 Bg7 6.Nxd4 cxd4 7.Qf3 Nh6 8.Ne2 O-O
9.O-O d6 10.Qg3 Ng4 11.d3 Bd7 12.Bg5 b5 13.Bb3 a5 14.Qh4 Nf6 15.a4 Qb6 16.axb5 Bxb5
17.Nf4 a4 18.Nd5 Qd8 19.Ba2 Nxd5 20.Bxd5 Ra7 21.f4 Qd7 22.f5 e6 23.Ba2 Rc8
24.Rf3 Rxc2 25.fxe6 fxe6 26.Raf1 a3 27.Bh6 Ra8 28.Bxg7 Qxg7 29.Bxe6+ Kh8
30.Rf7  1-0

[Event "26th Staufer-Open A 2014"]
[Site "Schwaebisch Gmuend GER"]
[Date "2014.01.03"]
[Round "3.1"]
[White "Kahrovic,M"]
[Black "Nabaty,T"]
[Result "0-1"]
[WhiteElo "2275"]
[BlackElo "2568"]

1.e4 c5 2.Nc3 Nc6 3.Nf3 g6 4.Bc4 Bg7 5.O-O e6 6.Re1 Nge7 7.d3 O-O 8.Bb3 d5
9.Bf4 d4 10.Ne2 e5 11.Bg5 h6 12.Bd2 Qd6 13.Ng3 Be6 14.Qe2 b5 15.Bxe6 Qxe6
16.Rec1 c4 17.Ne1 f5 18.exf5 gxf5 19.f4 e4 20.Nf3 c3 21.bxc3 dxc3 22.Be1 Nd5
23.dxe4 Nxf4 24.Qxb5 fxe4 25.Nh4 Nd4 26.Qb7 Nfe2+ 27.Kh1 Rab8 28.Qxa7 Qf6
29.Nxe2 Qf1+ 30.Ng1 Qxg1+  0-1

[Event "19th Bosnjaci Open 2014"]
[Site "Bosnjaci CRO"]
[Date "2014.01.04"]
[Round "2.2"]
[White "Jovanovic,Zo CRO"]
[Black "Sargac,R"]
[Result "1-0"]
[WhiteElo "2526"]
[BlackElo "2172"]

1.e4 c5 2.Nc3 Nc6 3.Bb5 d6 4.Bxc6+ bxc6 5.f4 g6 6.Nf3 Bg7 7.d3 Nf6 8.O-O O-O
9.Qe1 d5 10.Qh4 Ne8 11.f5 d4 12.fxg6 fxg6 13.Na4 Qd6 14.Bh6 e5 15.Bxg7 Nxg7
16.Ng5 h5 17.Rxf8+ Qxf8 18.Rf1 Qe7 19.Rf7 Qd6 20.Qf2 Be6 21.Qf6  1-0

[Event "26th Staufer-Open A 2014"]
[Site "Schwaebisch Gmuend GER"]
[Date "2014.01.04"]
[Round "5.25"]
[White "Trumpp,L"]
[Black "Kuenstler,C"]
[Result "0-1"]
[WhiteElo "2062"]
[BlackElo "2172"]

1.Nc3 c5 2.Nf3 Nc6 3.e4 g6 4.Bc4 Bg7 5.a4 e6 6.d3 Nge7 7.O-O O-O 8.Bf4 d5
9.Ba2 h6 10.Re1 d4 11.Nb5 e5 12.Bg3 Rb8 13.Na3 Kh7 14.Nc4 f6 15.Qe2 b6 16.Kh1 a6
17.a5 b5 18.Nb6 Bb7 19.Nd5 Nxa5 20.Nxe7 Qxe7 21.Nh4 Nc6 22.Bd5 Qd6 23.Rf1 Ne7
24.Bxb7 Rxb7 25.f4 exf4 26.Bxf4 Qe6 27.Nf3 Rb6 28.b4 cxb4 29.Nxd4 Qd7 30.Be3 Rd6
31.Nb3 f5 32.Nc5 Qc8 33.Ra2 fxe4 34.Nxe4 Rdd8 35.Nc5 Nf5 36.Bg1 Rde8 37.Qg4 Ng3+
38.Qxg3 Rxf1 39.Rxa6 Rxg1+ 40.Kxg1 Qxc5+  0-1